3.3.3.9 [ Những mảnh hồn trần ] của Đặng Thân từ góc nhìn diễn ngôn hậu hiện đại

Diễn ngôn hậu hiện đại và 3.3.3.9 [những mảnh hồn trần] của Đặng Thân. Hình tượng nghệ thuật trong 3.3.3.9 [những mảnh hồn trần] từ góc nhìn diễn ngôn hậu hiện đại. Một số thủ pháp nghệ thuật trong 3.3.3.9 [những mảnh hồn trần] từ góc nhìn diễn ngôn hậu hiện đại....

ver descrição completa

Na minha lista:
Detalhes bibliográficos
Autor principal: Đinh Thị Kim Tuyết
Outros Autores: Ngô Minh Hiền TS. (Hướng dẫn)
Formato: Livro
Idioma:Vietnamese
Publicado em: Đà Nẵng Đại học Đà Nẵng 2015
Assuntos:
Tags: Adicionar Tag
Sem tags, seja o primeiro a adicionar uma tag!
Thư viện lưu trữ: Mạng thư viện Đại học Đà Nẵng
LEADER 01838nam a2200349 4500
001 000023383
003 19834
005 20151204101250.0
008 151123s2015 viesd
041 |a vie 
082 1 4 |a 895.92283409  |b ĐI-T 
100 1 |a Đinh Thị Kim Tuyết 
245 1 |a 3.3.3.9 [ Những mảnh hồn trần ] của Đặng Thân từ góc nhìn diễn ngôn hậu hiện đại  |c Đinh Thị Kim Tuyết ; Ngô Minh Hiền hướng dẫn.  |k Luận văn Thạc sĩ 
260 |a Đà Nẵng  |b Đại học Đà Nẵng  |c 2015 
300 |a 120 tr., phụ lục 5 tr.  |c 29 cm.  |e Tóm tắt 
500 |a Luận văn thạc sĩ Khoa học xã hội và nhân văn. Chuyên ngành: Văn học Việt Nam. Mã số: 60.22.01.21 
520 |a Diễn ngôn hậu hiện đại và 3.3.3.9 [những mảnh hồn trần] của Đặng Thân. Hình tượng nghệ thuật trong 3.3.3.9 [những mảnh hồn trần] từ góc nhìn diễn ngôn hậu hiện đại. Một số thủ pháp nghệ thuật trong 3.3.3.9 [những mảnh hồn trần] từ góc nhìn diễn ngôn hậu hiện đại. 
600 1 4 |a Đặng Thân 
650 0 4 |a Văn học Việt Nam  |v Luận văn tốt nghiệp  |x Nghiên cứu  |z Việt Nam 
653 |a Văn học Việt Nam 
653 |a Đặng Thân 
700 1 |a Ngô Minh Hiền  |c TS.  |e Hướng dẫn 
OWN |a LSP 
AVA |a UDN50  |b LSP  |d 895.92283409 ĐI-T  |e available  |t Error 5001 Not defined in file expand_doc_bib_avail.  |f 1  |g 0  |h N  |i 0  |k 1 
999 |a From the UDN01 
AVA |a UDN50  |b LSP  |d 895.92283409 ĐI-T  |e available  |t Error 5001 Not defined in file expand_doc_bib_avail.  |f 1  |g 0  |h N  |i 0  |k 1 
TYP |a Monograph 
TYP |a Printed language 
980 |a Mạng thư viện Đại học Đà Nẵng